000 00950nam a2200289 i 4500
003 EG-GICUC
005 20260513120233.0
008 260513s1988 uk ||||fr|||| 00| 0 eng d
040 _aEG-GiCUC
_beng
_cEG-GiCUC
_dEG-GiCUC
_eRda
082 0 4 _a342.35073
_bAB . F
092 0 4 _221
099 _aLaw1 08 342.35073 AB . F 1988
100 1 _aAbraham,Henry J.
_eAuthor.
245 _aFreedom And The Court:
_bCivil Rights And Liberties In The United States/
_cHenry J. Abraham.
250 _aFifth Edition
264 1 _aOxford:
_bOxford University Press,
_c1988.
300 _a587 page ;
_c 24 cm.
336 _2rda contenu
_a texte
337 _2rda medias
_aOrdinateur
338 _2 transporteur rda
_a Ressource en ligne
546 _aText in English
650 1 _aConstitutional Law
650 1 _aPublic Rights and Freedoms
856 4 0 _uhttps://fll.law.cu.edu.eg/fulltext/bks/B08-05602.pdf
905 _a59
942 _2ddc
_n0
_cBK
_e21
999 _c76725
_d76725